| 000 | 00588nam a22002057a 4500 | ||
|---|---|---|---|
| 003 | OSt | ||
| 005 | 20140310181919.0 | ||
| 008 | 130718t xxu||||| |||| 00| 0 eng d | ||
| 020 | _a9789717891439 | ||
| 050 |
_aHQ 799.15 . _bB283 2004 |
||
| 082 |
_aTR 646.78 _bB28 2004 |
||
| 100 |
_aBartel, Blaine _91416 |
||
| 245 |
_aEvery teenager's little black book on how to get along with your parents. / _cBlaine Bartel. |
||
| 260 |
_aMetro, Manila : _bCLC, _cc2004. |
||
| 300 |
_a67 p. ; _c15 cm. |
||
| 521 | _aFaculty | ||
| 541 | _j1 | ||
| 562 | _e1 | ||
| 942 |
_2lcc _cBK-TR _kTR |
||
| 999 |
_c6900 _d6900 |
||